| 000 | 00998nam a2200289 i 4500 | ||
|---|---|---|---|
| 001 | bg | ||
| 100 | 1 | _aMICHALSKI, Jacek A. | |
| 245 | 1 | 0 |
_aModelowanie aerodynamicznych charakterystyk skruberów do odsiarczania gazów spalinowych z konwencjonalnych elektrowni / _cJacek A. Michalski ; Polska Akademia Nauk. Instytut Chemii Fizycznej. |
| 260 |
_aWarszawa : _bPANICHF, _c2003. |
||
| 300 |
_a122 s. : _bwykr. ; _c24 cm. |
||
| 500 | _aStreszcz. ang. | ||
| 504 | _aBibliogr. | ||
| 650 | 9 |
_aOdsiarczanie _xbadanie |
|
| 650 | 9 |
_aOdsiarczanie _xurządzenia _xbadanie |
|
| 650 | 9 |
_aSpaliny _xunieszkodliwianie _xbadanie |
|
| 650 | 9 |
_aPrzepływ _xbadanie |
|
| 650 | 9 |
_aModele matematyczne _xstosowanie |
|
| 650 | 9 |
_aEnergetyka _xwpływ na środowisko |
|
| 710 | 0 |
_aPolska Akademia Nauk _bInstytut Chemii Fizycznej |
|
| 020 | _a8391352064 | ||
| 040 | _cBPK | ||
| 041 | 0 |
_apol _beng |
|
| 080 | _a661/662:532 | ||
| 920 | _a83-913520-6-4 | ||
| 942 | _cKS | ||
| 008 | s pl f |000 0 pol | ||
| 999 |
_c44157 _d44157 |
||
| 856 |
_uhttp://koha.tu.koszalin.pl/cgi-bin/koha/opac-detail.pl?biblionumber=44157 _yKatalog online BPK |
||